| 000 | 00823nam a22002177a 4500 | ||
|---|---|---|---|
| 999 |
_c13246 _d13246 |
||
| 003 | AR-CdUCM | ||
| 008 | 190411b ||||| |||| 00| 0 spa d | ||
| 020 | _a978-607-618-507-0 | ||
| 040 |
_aMUNICIPALIDAD PROVINCIAL DEL CUSCO _cBIBLIOTECA MUNICIPAL DEL CUSCO |
||
| 082 |
_aES / 372.808 / _bC95 |
||
| 110 |
_aMiles Kelly Publishing Ltd. _931341 |
||
| 245 | _aCuentos de Cinco Minutos / | ||
| 260 |
_aMéxico : _bSilver Dolphin ; _c2014. |
||
| 300 |
_a512 páginas ; _bIlustraciones _c22cm |
||
| 505 | _aContenido: Cuentos sabios -- Trucos y travesuras -- Animales traviesos -- Aventuras reales -- Viajes fantásticos -- Buenas acciones... | ||
| 650 |
_aHistorias _9862 |
||
| 650 |
_aEducación primaria _91561 |
||
| 700 |
_aCaballero, Samantha (traducción) _924667 |
||
| 942 |
_2ddc _cLIBROS |
||
| 945 |
_anom _d2019-04-11 |
||